Great captains unveiled, (Record no. 551854)

000 -LEADER
fixed length control field 00769cam a22001811 4500
082 00 - DEWEY DECIMAL CLASSIFICATION NUMBER
Classification number 950.2
Author Mark HAR
-- L-30, P-17
100 1# - MAIN ENTRY--PERSONAL NAME
Personal name Liddell Hart, Basil Henry,
245 10 - TITLE STATEMENT
Title Great captains unveiled,
Statement of responsibility, etc. by B.H. Liddell Hart.
260 ## - PUBLICATION, DISTRIBUTION, ETC.
Place of publication, distribution, etc. Freeport, N.Y.,
Name of publisher, distributor, etc. Books for Libraries Press
Date of publication, distribution, etc. [1967]
300 ## - PHYSICAL DESCRIPTION
Extent 274 p.
Other physical details maps.
Dimensions 22 cm.
500 ## - GENERAL NOTE
General note Reprint of the 1928 ed.
505 0# - FORMATTED CONTENTS NOTE
Formatted contents note Jenghiz Khan and Sabutai.--Marechal de Saxe, military prophet.--Gustavus Adolphus, founder of modern war.--Wallenstein, the enigma of modern history.--General Wolfe, grandsire of the United States, 1727-1759.
526 ## - STUDY PROGRAM INFORMATION NOTE
Program name 0
Interest level 0
Reading level 0
Title point value 950_200000000000000_HAR
526 ## - STUDY PROGRAM INFORMATION NOTE
Program name 0
Interest level 0
Reading level 0
Title point value 950_200000000000000_HAR
526 ## - STUDY PROGRAM INFORMATION NOTE
Program name 0
Interest level 0
Reading level 0
Title point value 950_200000000000000_HAR
650 ## - SUBJECT ADDED ENTRY--TOPICAL TERM
Topical term or geographic name entry element MCE
9 (RLIN) 379
942 ## - ADDED ENTRY ELEMENTS (KOHA)
Source of classification or shelving scheme
Koha item type Book
Holdings
Withdrawn status Lost status Source of classification or shelving scheme Damaged status Not for loan Permanent Location Current Location Date acquired Total Checkouts Total Renewals Full call number Barcode Date last seen Date last checked out Price effective from Koha item type
          Military College of Engineering (MCE) Military College of Engineering (MCE) 12/31/2014 2 1 950.2 HAR MCE-33554 04/29/2020 03/05/2020 12/31/2014 Book
          Military College of Engineering (MCE) Military College of Engineering (MCE) 12/31/2014 1   950.2 HAR MCE-5431 10/19/2016 09/29/2016 12/31/2014 Book
          Military College of Engineering (MCE) Military College of Engineering (MCE) 12/31/2014 1 1 950.2 HAR MCE-5432 11/02/2016 09/30/2016 12/31/2014 Book
© 2023 Central Library, National University of Sciences and Technology. All Rights Reserved.